000 00482nam a2200205Ia 4500
003 OSt
005 20230526163816.0
008 210423s2002 xx 000 0 und d
040 _cAL
041 _aeng
082 _a823 BUTG
_223
100 _aBUTALIA (Subhadra)
_9115004
245 _aGift of a daughter.
250 _a4
260 _bPenguin Books Ltd
_c2002
365 _b200
_cINR
650 _aEnglish Fiction
_9115005
906 _adaughter. ; Gift
942 _2ddc
_cBK
999 _c173463
_d173463